Представление документа в формате RUSMARC

ПолеНазваниеЗначение
  Тип записи a
  Библиографический уровень a
001 Контрольный номер RU/CBS_UL/BASE/f4403a1d9f23475c960389bfb269be02
005 Дата корректировки 20260318001531.6
100 Данные общей обработки __
a Данные общей обработки 20260318 ||| 0rusy0189 ca
101 Язык документа 0_
a Язык текста rus
102 Страна публикации __
a Страна публикации RU
200 Заглавие и сведения об ответственности 1_
a Заглавие "Мы все глядим в Наполеоны..."
e Сведения, относящиеся к заглавию [о неоднозначном образе Наполеона I]
f Первые сведения об ответственности Я. Миркин
300 Общие примечания __
a Общие примечания 16+
320 Библиография __
a Библиография Библиогр.: с. 68
461 Уровень набора _0
1 2000
a Родина
463 Уровень физической единицы _0
1 2000
a № 5
v С. 63-68 : ил.
1 2101
d 2021
1 001RU/CBS_UL/BASE/695229592
600 Персоналии _1
a Персоналии (Фамилия) Наполеон I Бонапарт
606 Тематические рубрики 0_
a Основная рубрика Наполеон I (император французский ; 1769-1821)
610 Ключевые слова 0_
a Ключевые слова императоры французские, психология диктатора, история войн, роль личности в истории, мораль и политика
686 Индексы других классификаций __
2 Код системы rubbk
a Классификационный индекс 63.3(4Фра)52-8
700 Автор _1
a Фамилия Миркин
b Имя (инициалы) Я.
801 Источник записи _0
a Страна RU
b Организация МБУК ЦБС г. Ульяновска
c Дата составления 20260318
g Правила каталогизации RCR
801 Источник записи _1
a Страна RU
b Организация МБУК ЦБС г. Ульяновска
c Дата составления 20260318
g Правила каталогизации RCR
901 Тип документа __
t Тип документа b
w Контрольный № источника RU/CBS_UL/BASE/695229592
909 Создатель записи __
a Создатель записи lib1